000 003160000a22001330004500
005 20120302064633.0
942 _cBOOK
100 _a Swaroopananda Saraswati.
245 _a Gayatri Meemansa
260 _aPune: Shrutisagar Ashram
300 _a15 p.
040 _amar
650 _aMantra / Gayatri / Gayatrimantra.
999 _c362676
_d362673